| 000 | 00753nam a2200277Ia 4500 | ||
|---|---|---|---|
| 001 | AUWbook001778 | ||
| 003 | BDCtgAUW | ||
| 005 | 20260406155104.0 | ||
| 008 | 220908s9999 xx 000 0 eng d | ||
| 020 | _a0465001637 | ||
| 040 |
_aBDCtgAUW _cBDCtgAUW |
||
| 050 | _aD1065.U5P388 | ||
| 100 | 1 |
_aPells, Richard H, _eauthor. _979903 |
|
| 245 | 0 |
_aNot like us : _bhow europeans have loved, hated, and transformed american culture since world war ii / |
|
| 250 | _aFirst edition. | ||
| 260 |
_aNew York : _bBasic Books., |
||
| 300 | _axviii,444 pages. | ||
| 650 | 0 | _aAmerican influences. | |
| 650 | 0 | _aCivilization. | |
| 650 | 0 | _aEurope. | |
| 650 | 0 | _aHistory. | |
| 887 |
_a BRAC _22982 |
||
| 888 | _22982 | ||
| 942 |
_cBK _00 _2lcc |
||
| 945 | _cBK | ||
| 999 |
_c17536 _d17536 |
||